[Event "Deizisau op 12th"]
[Site "Deizisau"]
[Date "2017.10.30"]
[Round "4"]
[White "Amtmann, Florian"]
[Black "Lelumees, Brait"]
[Result "1-0"]
[WhiteElo "2101"]
[BlackElo "2177"]
[PlyCount "113"]
[EventDate "2017.10.28"]
[EventType "swiss"]
[EventRounds "7"]
[EventCountry "GER"]
[SourceTitle "CBM 181 Extra"]
[Source "ChessBase"]
[SourceDate "2017.12.12"]
[SourceVersion "1"]
[SourceVersionDate "2017.12.12"]
[SourceQuality "1"]

1. e4 e5 2. Bc4 Nf6 3. d3 Nc6 4. Nf3 h6 5. 0-0 Be7 6. Re1 d6 7. d4 Bg4 8. c3 Bxf3 9. gxf3 0-0 10. Kh1 exd4 11. cxd4 d5 12. Bb3 dxe4 13. d5 Ne5 14. fxe4 Neg4 15. Qf3 Bc5 16. Re2 Nxf2+ 17. Rxf2 Bxf2 18. Qxf2 Nxe4 19. Qg2 Qh4 20. Nd2 Nf2+ 21. Kg1 Nh3+ 22. Kf1 Nf4 23. Qg3 Qf6 24. Ne4 Qa6+ 25. Kf2 Qe2+ 26. Kg1 Nh5 27. Qh4 Rae8 28. Nc3 Qe1+ 29. Qxe1 Rxe1+ 30. Kf2 Rh1 31. Kg2 Re1 32. Bd1 Re5 33. Bf3 a6 34. Bd2 Rfe8 35. Rc1 R8e7 36. Kf2 Rf5 37. Ne2 g5 38. Kg2 g4 39. Bxg4 Rxd5 40. Bxh6 Kh7 41. Bf8 Re8 42. Ba3 Rg5 43. Kf3 Nf6 44. Bh3 Rh5 45. Nf4 Rh4 46. Bf5+ Kg7 47. Bc5 Rd8 48. Be3 c6 49. Rg1+ Kh8 50. h3 Nh5 51. Nxh5 Rxh5 52. Bg5 Rd6 53. Kg4 Rxg5+ 54. Kxg5 Rd2 55. Kf6 Rf2 56. Re1 Rg2 57. Re8+ 1-0

[Event "Wuerttemberg-ch"]
[Site "Stuttgart"]
[Date "2017.08.28"]
[Round "3"]
[White "Lelumees, Brait"]
[Black "Neyman, Igor"]
[Result "1-0"]
[WhiteElo "2172"]
[BlackElo "2323"]
[PlyCount "97"]
[EventDate "2017.08.26"]
[EventType "swiss"]
[EventRounds "9"]
[EventCountry "GER"]
[SourceTitle "CBM 180 Extra"]
[Source "ChessBase"]
[SourceDate "2017.10.06"]
[SourceVersion "1"]
[SourceVersionDate "2017.10.06"]
[SourceQuality "1"]

1. e4 c5 2. Nf3 e6 3. d4 cxd4 4. Nxd4 a6 5. c4 Nf6 6. Nc3 Qc7 7. Be2 b6 8. Be3 Bb7 9. f3 d6 10. 0-0 Be7 11. Qe1 0-0 12. Qf2 Nbd7 13. Rfc1 Rfc8 14. a3 Qd8 15. b4 Qf8 16. Nb3 Bd8 17. Na4 Rc6 18. Nd4 Rcc8 19. Nb3 Rc6 20. c5 dxc5 21. bxc5 Nxc5 22. Naxc5 bxc5 23. Nxc5 Bc8 24. Rab1 Be7 25. a4 h6 26. a5 Qd8 27. Qe1 Nd7 28. Na4 Rxc1 29. Rxc1 Rb8 30. Nb6 Nxb6 31. axb6 Bb7 32. Qg3 Kf8 33. Rd1 Qc8 34. Qe5 f6 35. Qh5 Qe8 36. Qh3 Bc8 37. Qg3 e5 38. Bc4 Qa4 39. Rc1 g5 40. Qf2 Qa3 41. Rd1 Qa4 42. Rc1 Qa3 43. Rd1 Qa4 44. Qe2 Bb7 45. h4 Qb4 46. Kh2 a5 47. Rd7 Bc6 48. Rc7 Qd6 49. Ba2 1-0

[Event "Wuerttemberg-ch KT"]
[Site "Stuttgart"]
[Date "2016.09.04"]
[Round "9"]
[White "Lelumees, Brait"]
[Black "Gustain, Marc"]
[Result "0-1"]
[WhiteElo "2213"]
[BlackElo "2131"]
[PlyCount "74"]
[EventDate "2016.08.27"]
[EventType "swiss"]
[EventRounds "9"]
[EventCountry "GER"]
[SourceTitle "EXT 2017"]
[Source "ChessBase"]
[SourceDate "2016.10.25"]
[SourceVersion "1"]
[SourceVersionDate "2016.10.25"]
[SourceQuality "1"]

1. e4 c5 2. Nf3 d6 3. d4 cxd4 4. Nxd4 Nf6 5. Nc3 a6 6. Be3 e5 7. Nb3 Be6 8. f3 h5 9. Qd2 Nbd7 10. 0-0-0 Be7 11. Kb1 Rc8 12. h3 h4 13. f4 b5 14. f5 Bc4 15. a3 Qc7 16. Qf2 Bxf1 17. Rhxf1 b4 18. axb4 Qc4 19. Qf3 Qxb4 20. Bd2 Qb7 21. Rde1 Rb8 22. Bc1 Qb4 23. g4 hxg3 24. Qxg3 a5 25. Qe3 a4 26. Nd2 Bd8 27. Qd3 Ba5 28. Rf3 0-0 29. Rg3 Rfc8 30. Nd5 Nxd5 31. Qxd5 Nf6 32. Qa2 Qc5 33. b3 axb3 34. cxb3 Bc3 35. Qc2 Qa5 36. Qa2 Qxa2+ 37. Kxa2 Bxd2 0-1

[Event "Wuerttemberg-ch KT"]
[Site "Stuttgart"]
[Date "2016.08.31"]
[Round "5"]
[White "Lelumees, Brait"]
[Black "Wendler, David"]
[Result "1/2-1/2"]
[WhiteElo "2213"]
[BlackElo "1912"]
[PlyCount "109"]
[EventDate "2016.08.27"]
[EventType "swiss"]
[EventRounds "9"]
[EventCountry "GER"]
[SourceTitle "EXT 2017"]
[Source "ChessBase"]
[SourceDate "2016.10.25"]
[SourceVersion "1"]
[SourceVersionDate "2016.10.25"]
[SourceQuality "1"]

1. e4 c5 2. Nf3 Nc6 3. d4 cxd4 4. Nxd4 g6 5. Be3 Nf6 6. Nc3 Bg7 7. Nxc6 bxc6 8. e5 Ng8 9. f4 Nh6 10. Qd2 0-0 11. 0-0-0 d6 12. Bc4 Bg4 13. Rde1 dxe5 14. Qxd8 Rfxd8 15. fxe5 Bd7 16. h3 Nf5 17. Bc5 Ng3 18. Rhg1 Bh6+ 19. Be3 Bxe3+ 20. Rxe3 Nf5 21. Rf3 Be8 22. Rgf1 Rd4 23. b3 h5 24. Rh1 h4 25. Re1 c5 26. Rf2 Bc6 27. Ref1 e6 28. Re1 Rad8 29. Bd3 Ng7 30. Rg1 Nh5 31. Ne2 R4d7 32. Kb2 Ba8 33. Rgf1 Rd5 34. Rxf7 Rxe5 35. R7f2 Rg5 36. Rg1 Rf8 37. Rxf8+ Kxf8 38. Rf1+ Ke7 39. Nf4 Bxg2 40. Rf2 Nxf4 41. Rxf4 Bxh3 42. Rxh4 Bf5 43. Rh7+ Kd6 44. Rxa7 Rg3 45. Ra8 e5 46. Rd8+ Kc7 47. Re8 Bxd3 48. cxd3 Rxd3 49. Rxe5 Kc6 50. Re6+ Rd6 51. Rxd6+ Kxd6 52. Kc3 Kd5 53. Kd3 g5 54. Ke3 c4 55. bxc4+ 1/2-1/2

[Event "Hessen-ch op-A"]
[Site "Floersheim"]
[Date "2016.05.07"]
[Round "6"]
[White "Kuhn, Gerhard"]
[Black "Lelumees, Brait"]
[Result "0-1"]
[WhiteElo "1937"]
[BlackElo "2126"]
[PlyCount "100"]
[EventDate "2016.05.05"]
[EventType "swiss"]
[EventRounds "7"]
[EventCountry "GER"]
[SourceTitle "EXT 2022"]
[Source "ChessBase"]
[SourceDate "2021.10.06"]
[SourceVersion "1"]
[SourceVersionDate "2021.10.06"]
[SourceQuality "1"]

1. e4 c5 2. c3 Nf6 3. e5 Nd5 4. d4 cxd4 5. cxd4 d6 6. Nf3 Nc6 7. Bc4 Nb6 8. Bb3 d5 9. Nh4 e6 10. Nf3 Be7 11. 0-0 Bd7 12. Nc3 a6 13. Bf4 g5 14. Be3 Na5 15. Bc2 Nbc4 16. b3 Nxe3 17. fxe3 Rc8 18. Ne2 Bb5 19. a4 Bxe2 20. Qxe2 Nc6 21. Bd3 Qb6 22. Rab1 h5 23. Kh1 Kd7 24. Nd2 Rcf8 25. Rf2 Kc8 26. Qf1 Nd8 27. Qc1+ Kb8 28. Nf1 Nc6 29. Nd2 Rh6 30. Qf1 f5 31. exf6 Rhxf6 32. Rxf6 Rxf6 33. Qe2 g4 34. Rf1 Qd8 35. Rxf6 Bxf6 36. g3 Qg8 37. Kg2 Bg5 38. Nf1 e5 39. dxe5 Nxe5 40. Bc2 Qc8 41. Bd1 Qc6 42. Qc2 Qd7 43. Qf2 Qc8 44. Qc2 Qe6 45. Qc5 Nd3 46. Qd4 Qf5 47. Qh8+ Kc7 48. Qg7+ Kd8 49. Qh8+ Kd7 50. Qg7+ Be7 0-1

[Event "EST-ch"]
[Site "Tallinn"]
[Date "2016.01.31"]
[Round "9"]
[White "Kukk, Sander"]
[Black "Lelumees, Brait"]
[Result "0-1"]
[WhiteElo "2201"]
[BlackElo "2138"]
[PlyCount "71"]
[EventDate "2016.01.26"]
[EventType "swiss"]
[EventRounds "9"]
[EventCountry "EST"]
[SourceTitle "CBM 170 Extra"]
[Source "ChessBase"]
[SourceDate "2016.02.25"]
[SourceVersion "1"]
[SourceVersionDate "2016.02.25"]
[SourceQuality "1"]

1. e4 c5 2. Nc3 d6 3. g3 Nc6 4. Bg2 g6 5. d3 Bg7 6. f4 Nf6 7. Nf3 0-0 8. 0-0 Rb8 9. h3 b5 10. g4 b4 11. Ne2 e6 12. Ng3 d5 13. g5 Nd7 14. f5 exf5 15. exf5 Re8 16. f6 Bf8 17. Bf4 Rb5 18. Re1 Nb6 19. Rxe8 Qxe8 20. Qd2 Qd8 21. Re1 Ra5 22. a3 Ra4 23. axb4 cxb4 24. b3 Ra2 25. Re2 a5 26. Qe1 a4 27. Re8 Qd7 28. Nd4 Nxd4 29. Qe7 Qxe8 30. Qxe8 Rxc2 31. Be3 Ne6 32. bxa4 d4 33. Bf2 b3 34. Qb5 b2 35. Nf1 Nxa4 36. Be3 0-1

[Event "EST-chT 22nd"]
[Site "Estonia"]
[Date "2007.01.14"]
[Round "4"]
[White "Kuusk, Indrek"]
[Black "Lelumees, Brait"]
[Result "1-0"]
[WhiteElo "2252"]
[BlackElo "2154"]
[PlyCount "71"]
[EventDate "2007.01.13"]
[EventType "team"]
[EventRounds "6"]
[EventCountry "EST"]
[SourceTitle "EXT 2009"]
[Source "ChessBase"]
[SourceDate "2008.11.26"]
[SourceVersion "1"]
[SourceVersionDate "2008.11.26"]
[SourceQuality "1"]

1. d4 Nf6 2. c4 g6 3. Nc3 d5 4. Nf3 Bg7 5. Qb3 dxc4 6. Qxc4 Nbd7 7. e4 Nb6 8. Qb3 c6 9. Be2 Be6 10. Qc2 Bc4 11. 0-0 Bxe2 12. Qxe2 Qc7 13. Rd1 0-0 14. Bg5 Rac8 15. Rac1 Qb8 16. b3 h6 17. Bh4 a5 18. h3 e6 19. Bg3 Qa8 20. Bf4 Rfe8 21. Ne5 Re7 22. Qe3 Kh7 23. d5 exd5 24. Qxb6 Nh5 25. Nd3 d4 26. Na4 Rxe4 27. Bh2 Re2 28. Re1 Rxa2 29. Be5 Rd8 30. Nac5 Rd2 31. Bxg7 Kxg7 32. Re7 Rd6 33. Qc7 Rf6 34. Ne4 Rxd3 35. Nxf6 Kxf6 36. Qe5# 1-0

[Event "EST-chT 22nd"]
[Site "Estonia"]
[Date "2007.01.13"]
[Round "1"]
[White "Lelumees, Brait"]
[Black "Holvason, Juri"]
[Result "1-0"]
[WhiteElo "2154"]
[BlackElo "2069"]
[PlyCount "113"]
[EventDate "2007.01.13"]
[EventType "team"]
[EventRounds "6"]
[EventCountry "EST"]
[SourceTitle "EXT 2009"]
[Source "ChessBase"]
[SourceDate "2008.11.26"]
[SourceVersion "1"]
[SourceVersionDate "2008.11.26"]
[SourceQuality "1"]

1. e4 c5 2. b3 Nc6 3. Bb2 e5 4. f4 d6 5. Nf3 Bg4 6. fxe5 dxe5 7. Bb5 Qb6 8. Nc3 Nf6 9. h3 Bxf3 10. Qxf3 Bd6 11. d3 0-0 12. Bxc6 Qxc6 13. a4 a6 14. a5 Bc7 15. 0-0 Qd6 16. Kh1 Qd8 17. Qg3 Nh5 18. Qg4 Nf4 19. Nd1 f6 20. g3 h5 21. Qf3 Nxh3 22. Qxh5 Ng5 23. Bc3 Qe8 24. Qg4 Qe6 25. Qh5 Rf7 26. Kg2 g6 27. Qxg6+ Rg7 28. Qf5 Qxf5 29. Rxf5 Rf8 30. Ne3 Ne6 31. Kh3 Rh7+ 32. Kg2 Rg7 33. Kf2 Nd4 34. Bxd4 exd4 35. Nf1 Be5 36. Ra4 Rff7 37. Rc4 Rc7 38. Rh5 Rg5 39. Rxg5+ fxg5 40. Nh2 Kf7 41. Ng4 Bg7 42. b4 Kg6 43. Rxc5 Rxc5 44. bxc5 Kh5 45. Kf3 Kg6 46. e5 Kf5 47. c3 dxc3 48. d4 Ke6 49. Ne3 g4+ 50. Ke4 Bh6 51. Nc2 Bd2 52. d5+ Ke7 53. Kf5 Kf7 54. e6+ Ke7 55. d6+ Kd8 56. Kf6 Bf4 57. Kf7 1-0

[Event "Keres Memorial-B"]
[Site "Tallinn"]
[Date "2007.01.11"]
[Round "8"]
[White "Lelumees, Brait"]
[Black "Kanep, Meelis"]
[Result "0-1"]
[WhiteElo "2154"]
[BlackElo "2504"]
[PlyCount "58"]
[EventDate "2007.01.06"]
[EventType "tourn"]
[EventRounds "9"]
[EventCountry "EST"]
[EventCategory "6"]
[SourceTitle "CBM 116 Extra"]
[Source "ChessBase"]
[SourceDate "2007.03.07"]
[SourceVersion "1"]
[SourceVersionDate "2007.03.07"]
[SourceQuality "1"]

1. c4 e5 2. Nc3 Nc6 3. g3 Nf6 4. Bg2 Bc5 5. e3 d5 6. cxd5 Nb4 7. d4 exd4 8. exd4 Be7 9. Nf3 0-0 10. 0-0 Nbxd5 11. Qb3 Nb6 12. Bg5 Be6 13. Qc2 c6 14. Rfe1 Re8 15. Rad1 h6 16. Bxf6 Bxf6 17. Ne4 Bd5 18. Nc5 Qc7 19. Rxe8+ Rxe8 20. a4 Nd7 21. b4 Nf8 22. h3 b6 23. Nb3 Qd6 24. Qc3 Ne6 25. Re1 Be7 26. b5 Qa3 27. Nfd2 Bb4 28. Qc1 Qxc1 29. Rxc1 Bxd2 0-1

[Event "Keres Memorial-B"]
[Site "Tallinn"]
[Date "2007.01.09"]
[Round "5"]
[White "Seeman, Tarvo"]
[Black "Lelumees, Brait"]
[Result "1/2-1/2"]
[WhiteElo "2425"]
[BlackElo "2154"]
[PlyCount "120"]
[EventDate "2007.01.06"]
[EventType "tourn"]
[EventRounds "9"]
[EventCountry "EST"]
[EventCategory "6"]
[SourceTitle "CBM 116 Extra"]
[Source "ChessBase"]
[SourceDate "2007.03.07"]
[SourceVersion "1"]
[SourceVersionDate "2007.03.07"]
[SourceQuality "1"]

1. g3 c5 2. Bg2 Nc6 3. e4 g6 4. f4 d6 5. d3 e5 6. Nf3 Bg7 7. 0-0 Nge7 8. c3 f5 9. Na3 Be6 10. fxe5 dxe5 11. Ng5 Qd7 12. Nxe6 Qxe6 13. Be3 b6 14. exf5 Nxf5 15. Qb3 Qd7 16. Nc4 Rc8 17. Rae1 Qe6 18. Bf4 0-0 19. Nxe5 Qxb3 20. axb3 Nxe5 21. Bxe5 Bxe5 22. Rxe5 Rfe8 23. Rfe1 Rxe5 24. Rxe5 Rd8 25. Be4 Ne3 26. Bxg6 Nd1 27. Be4 h6 28. Re7 Nxb2 29. Rxa7 Nxd3 30. Rb7 Nc1 31. Rxb6 Ne2+ 32. Kg2 Nxc3 33. Bf3 Rd2+ 34. Kh3 Kg7 35. Rc6 Rb2 36. Rxc5 Rxb3 37. Rc6 Nb5 38. Bd5 Rb4 39. Rb6 Rb1 40. Ba2 Ra1 41. Rb7+ Kf6 42. Rb6+ Kg7 43. Bc4 Nd4 44. Rb7+ Kf6 45. Rd7 Nf5 46. Bd3 Ra5 47. Rh7 Kg6 48. Rb7 Kf6 49. Rb6+ Kg5 50. Rb8 Ne7 51. Rf8 Ra3 52. Bh7 Re3 53. Kg2 Re2+ 54. Kh3 Re3 55. Rf4 Re2 56. Rg4+ Kf6 57. Bd3 Rd2 58. Be4 Rd4 59. Rf4+ Ke5 60. Rf7 Ke6 1/2-1/2

[Event "Keres Memorial-B"]
[Site "Tallinn"]
[Date "2007.01.07"]
[Round "2"]
[White "Lelumees, Brait"]
[Black "Balashov, Yuri S"]
[Result "0-1"]
[WhiteElo "2154"]
[BlackElo "2422"]
[PlyCount "118"]
[EventDate "2007.01.06"]
[EventType "tourn"]
[EventRounds "9"]
[EventCountry "EST"]
[EventCategory "6"]
[SourceTitle "CBM 116 Extra"]
[Source "ChessBase"]
[SourceDate "2007.03.07"]
[SourceVersion "1"]
[SourceVersionDate "2007.03.07"]
[SourceQuality "1"]

1. e4 c5 2. Nf3 e6 3. d4 cxd4 4. Nxd4 a6 5. Bd3 g6 6. c4 Bg7 7. Nb3 Nc6 8. Nc3 Nf6 9. 0-0 0-0 10. Bg5 h6 11. Bh4 d6 12. h3 Qb6 13. Qd2 Nd7 14. Rad1 Nc5 15. Bc2 Ne5 16. Nxc5 Qxc5 17. b3 g5 18. Bg3 b5 19. cxb5 axb5 20. Bb1 Ba6 21. Kh1 Rfc8 22. Ne2 b4 23. Rfe1 Bxe2 24. Rxe2 Ra6 25. h4 Qc3 26. hxg5 Qxd2 27. Rexd2 hxg5 28. Kh2 Bf6 29. Kh3 Kg7 30. Bxe5 Rh8+ 31. Kg4 Rh4+ 32. Kf3 Bxe5 33. g3 g4+ 34. Kg2 Rh5 35. Rh1 Rxh1 36. Kxh1 Bc3 37. Re2 Kf6 38. Kg2 Ke5 39. Rc2 Ra3 40. Rc1 d5 41. exd5 Kxd5 42. Rd1+ Bd4 43. f3 gxf3+ 44. Kxf3 Ra7 45. Kf4 f5 46. g4 fxg4 47. Kxg4 Rg7+ 48. Kf3 Rf7+ 49. Kg3 e5 50. Bd3 Rf8 51. Bc4+ Ke4 52. Re1+ Be3 53. Rd1 Bf2+ 54. Kg2 Bd4 55. Re1+ Be3 56. Kg3 Rf6 57. Bb5 Rg6+ 58. Kh3 Kf3 59. Rf1+ Bf2 0-1

[Event "EST-ch"]
[Site "Tallinn"]
[Date "2005.05.15"]
[Round "8"]
[White "Shvyrjov, Igor"]
[Black "Lelumees, Brait"]
[Result "1-0"]
[WhiteElo "2503"]
[BlackElo "2147"]
[PlyCount "120"]
[EventDate "2005.05.10"]
[EventType "tourn"]
[EventRounds "9"]
[EventCountry "EST"]
[EventCategory "8"]
[SourceTitle "CBM 106 Extra"]
[Source "ChessBase"]
[SourceDate "2005.07.01"]
[SourceVersion "1"]
[SourceVersionDate "2005.07.01"]
[SourceQuality "1"]

1. Nf3 c5 2. g3 Nc6 3. Bg2 e5 4. d3 g6 5. 0-0 Bg7 6. c3 Nge7 7. e4 0-0 8. Be3 d6 9. h3 Be6 10. Ng5 Bd7 11. f4 exf4 12. Bxf4 h6 13. Nf3 d5 14. Qd2 Kh7 15. exd5 Nxd5 16. Bd6 Re8 17. Bxc5 Qc7 18. Bf2 Nce7 19. Nd4 f5 20. Ne2 h5 21. Nf4 Bh6 22. Bxd5 Bxf4 23. gxf4 Nxd5 24. Bd4 g5 25. fxg5 Qg3+ 26. Qg2 Qxg2+ 27. Kxg2 Ne3+ 28. Bxe3 Rxe3 29. Nd2 Rae8 30. Nf3 Bc6 31. Rf2 Rxd3 32. Raf1 Ree3 33. Kg3 h4+ 34. Kf4 Bd7 35. Re1 Rxe1 36. Nxe1 Rxh3 37. Nf3 Rh1 38. Ne5 Be6 39. Nf3 Kg6 40. Rd2 Rf1 41. b3 h3 42. Kg3 f4+ 43. Kxf4 h2 44. Rxh2 Bd5 45. Rh6+ Kg7 46. Rh3 Kg6 47. Ke3 Bxf3 48. Rxf3 Rxf3+ 49. Kxf3 Kxg5 50. Ke4 Kf6 51. Kd5 Ke7 52. c4 Kd7 53. c5 Kc7 54. b4 Kd7 55. b5 Ke7 56. c6 Kd8 57. Kd6 bxc6 58. bxc6 Kc8 59. c7 a6 60. a3 a5 1-0

[Event "EST-chT"]
[Site "Parnu"]
[Date "2002.03.09"]
[Round "3"]
[White "Lelumees, Brait"]
[Black "Truus, Tonu"]
[Result "1-0"]
[WhiteElo "2104"]
[BlackElo "2227"]
[PlyCount "43"]
[EventDate "2002.03.08"]
[EventType "team-tourn"]
[EventRounds "10"]
[EventCountry "EST"]
[SourceTitle "CBM 087 Extra"]
[Source "ChessBase"]
[SourceDate "2002.05.03"]
[SourceVersion "2"]
[SourceVersionDate "2002.08.09"]
[SourceQuality "1"]

1. e4 d5 2. exd5 Nf6 3. d4 Nxd5 4. c4 Nb6 5. Nf3 Bg4 6. c5 N6d7 7. Bc4 e6 8. h3 Bh5 9. Be3 c6 10. Nc3 Be7 11. 0-0 b5 12. Bb3 a5 13. d5 cxd5 14. Nxd5 Bxc5 15. Nf4 Bxe3 16. fxe3 Bg6 17. Bxe6 0-0 18. Nxg6 hxg6 19. Qd5 Ra6 20. Bxf7+ Rxf7 21. Ne5 Raf6 22. Nxf7 1-0